| 000 | 00536nam a2200193 a 4500 | ||
|---|---|---|---|
| 005 | 20240806063959.0 | ||
| 008 | 991125s1976 ag 000 0 spa u | ||
| 035 | _aUPN01000004371 | ||
| 049 | _aCG | ||
| 050 | 4 |
_aPR3561 E8 _bM5.28a |
|
| 100 | 1 |
_aMilton, John, _d1604-1674 |
|
| 245 | 1 | 0 |
_aAreopagítica / _cJohn Milton ; tr. y pról. José Carner. |
| 260 |
_aBuenos Aires : _bFCE, _c1976. |
||
| 300 | _a100 p. | ||
| 440 | 0 |
_aPopular ; _v157 |
|
| 600 | 1 | 4 |
_aMILTON, JOHN, _d1604-1674 |
| 650 | 4 |
_aLiteratura inglesa _95228 |
|
| 905 | _aLibro | ||
| 999 |
_c4371 _d4371 |
||